000 00536nam a2200217Ia 4500
005 20250425161554.0
008 250425s9999 xx 000 0 und d
020 _a0137966490
041 _aeng
082 _a620.0042
100 _aHEWITT, HUDY C.
245 0 _aSCOPE OF EXPERIMENTAL ANALYSIS
250 _aS.E.
260 _aENGLEWOOD
260 _aEstados Unidos
_bPRENTICE HALL
_c1973
300 _a357
650 _aDISEÑO EXPERIMENTAL
650 _aINGENIERIA-METODOS ESTADISTICOS
942 _c01
010 _a23261
999 _c211833
_d211833